000 00678nam a2200253Ia 4500
003 OSt
005 20220925235653.0
006 a|||||r|||| 00| 0
007 ta
008 220923b |||||||| |||| 00| 0 eng d
020 _a817141134X
037 _cGeneral Book
040 _aRTL
_cRTL
_beng
041 _2eng
_aeng
082 _aX91:77.2.N8, N1
100 _aRao V S P
245 0 _aSmall industry development in India
260 _a New Delhi
_bDiscovery India
_c1991
300 _a405p
_ccm.
500 _aBib. p 391-405
650 _aIndustrial Economics
942 _hX91:77.2.N8, N1
_cGB
_2CC
999 _c597667
_d597667